Luyện nói tiếng Anh theo mẫu câu = A course of spoken sentence patterns
Gespeichert in:
| 1. Verfasser: | |
|---|---|
| Format: | Buch |
| Veröffentlicht: |
Nxb Thanh Hóa
2006
|
| Tags: |
Tag hinzufügen
Keine Tags, Fügen Sie den ersten Tag hinzu!
|
| Thư viện lưu trữ: | Mạng thư viện Đại học Đà Nẵng |
|---|
| LEADER | 00831nam a2200253 a 4500 | ||
|---|---|---|---|
| 001 | 000041726 | ||
| 003 | 27256 | ||
| 005 | 20171030155812.0 | ||
| 008 | 171030s2006 | ||
| 020 | |c 36000 | ||
| 040 | |a LNN | ||
| 082 | 0 | |a 428.3 |b LÊ-S | |
| 100 | 1 | |a Lê Văn Sự | |
| 245 | 0 | 0 | |a Luyện nói tiếng Anh theo mẫu câu = A course of spoken sentence patterns |c Lê Văn Sự. |
| 260 | |b Nxb Thanh Hóa |c 2006 | ||
| OWN | |a LNN | ||
| AVA | |a UDN50 |b LNN |d 428.3 LÊ-S |e available |t Error 5001 Not defined in file expand_doc_bib_avail. |f 1 |g 0 |h N |i 0 |k 1 | ||
| 999 | |a From the UDN01 | ||
| AVA | |a UDN50 |b LNN |d 428.3 LÊ-S |e available |t Error 5001 Not defined in file expand_doc_bib_avail. |f 1 |g 0 |h N |i 0 |k 1 | ||
| TYP | |a Monograph | ||
| TYP | |a Printed language | ||
| 980 | |a Mạng thư viện Đại học Đà Nẵng | ||